Masterpieces of world literature / (Record no. 16926)
[ view plain ]
| 000 -LEADER | |
|---|---|
| fixed length control field | 01393cam a2200337 i 4500 |
| 001 - CONTROL NUMBER | |
| control field | 4819350 |
| 003 - CONTROL NUMBER IDENTIFIER | |
| control field | EG-ScBUE |
| 005 - DATE AND TIME OF LATEST TRANSACTION | |
| control field | 20200106132452.0 |
| 008 - FIXED-LENGTH DATA ELEMENTS--GENERAL INFORMATION | |
| fixed length control field | 890111t1989 nyu f 001 0 eng d |
| 020 ## - INTERNATIONAL STANDARD BOOK NUMBER | |
| International Standard Book Number | 0062700502 |
| 020 ## - INTERNATIONAL STANDARD BOOK NUMBER | |
| International Standard Book Number | 9780062700506 |
| 040 ## - CATALOGING SOURCE | |
| Original cataloging agency | DLC |
| Language of cataloging | eng |
| Description conventions | rda |
| Transcribing agency | DLC |
| Modifying agency | DLC |
| -- | EG-ScBUE |
| 082 04 - DEWEY DECIMAL CLASSIFICATION NUMBER | |
| Classification number | 809 |
| Item number | MAS |
| Edition number | 22 |
| 245 00 - TITLE STATEMENT | |
| Title | Masterpieces of world literature / |
| Statement of responsibility, etc | edited by Frank N. Magill. |
| 246 34 - VARYING FORM OF TITLE | |
| Title proper/short title | Masterpieces of world literature : |
| Remainder of title | plot summaries, descriptions of principal characters, critical evaluations and the significance of the major works of world literature |
| 264 #1 - PUBLICATION, DISTRIBUTION, ETC. (IMPRINT) | |
| Place of publication, distribution, etc | New York : |
| Name of publisher, distributor, etc | Harper Collins Publishers, |
| Date of publication, distribution, etc | [1989] |
| 264 #4 - PUBLICATION, DISTRIBUTION, ETC. (IMPRINT) | |
| Date of publication, distribution, etc | c 1989 |
| 300 ## - PHYSICAL DESCRIPTION | |
| Extent | xvii, 957, ix pages ; |
| Dimensions | 25 cm |
| 336 ## - CONTENT TYPE | |
| Source | rdacontent |
| Content type term | text |
| Content type code | txt |
| 337 ## - MEDIA TYPE | |
| Source | rdamedia |
| Media type term | unmediated |
| Media type code | n |
| 338 ## - CARRIER TYPE | |
| Source | rdacarrier |
| Carrier type term | volume |
| Carrier type code | nc |
| 500 ## - GENERAL NOTE | |
| General note | Includes index. |
| 520 ## - SUMMARY, ETC. | |
| Summary, etc | <br/>Plot summaries and critical evaluations of 270 classic literary works, from ancient to modern, are provided, along with discussions of each work's literary significance and character sketches. |
| 590 ## - LOCAL NOTE (RLIN) | |
| Local note | Aml Khaled |
| 650 #7 - SUBJECT ADDED ENTRY--TOPICAL TERM | |
| Topical term or geographic name as entry element | Literature |
| Form subdivision | Stories, plots, etc. |
| Source of heading or term | BUEsh |
| 9 (RLIN) | 30808 |
| 650 #7 - SUBJECT ADDED ENTRY--TOPICAL TERM | |
| Topical term or geographic name as entry element | Literature |
| General subdivision | History and criticism |
| Source of heading or term | BUEsh |
| 9 (RLIN) | 30809 |
| 653 ## - INDEX TERM--UNCONTROLLED | |
| Resource For college | Humanities: English |
| Arrived date list | July2019 |
| 655 ## - INDEX TERM--GENRE/FORM | |
| Form subdivision | Reading book |
| 700 1# - ADDED ENTRY--PERSONAL NAME | |
| Personal name | Magill, Frank N. |
| Fuller form of name | (Frank Northen), |
| Dates associated with a name | 1907-1997, |
| Relator term | editor. |
| 9 (RLIN) | 30810 |
| 942 ## - ADDED ENTRY ELEMENTS (KOHA) | |
| Source of classification or shelving scheme | Dewey Decimal Classification |
| Koha item type | Book - Borrowing |
| Withdrawn status | Lost status | Source of classification or shelving scheme | Damaged status | Not for loan | Collection code | Home library | Current library | Shelving location | Date acquired | Source of acquisition | Cost, normal purchase price | Serial Enumeration / chronology | Total Checkouts | Full call number | Barcode | Date last seen | Price effective from | Koha item type |
|---|---|---|---|---|---|---|---|---|---|---|---|---|---|---|---|---|---|---|
| Dewey Decimal Classification | Baccah | Central Library | Central Library | Second Floor | 05/08/2012 | 180.00 | 15359 | 809 MAS | 000027047 | 15/07/2025 | 05/08/2012 | Book - Borrowing |